000 00569nam a22001817a 4500
005 20231109135800.0
008 231109b |||||||| |||| 00| 0 eng d
020 _a0421175907
041 _aEnglish
082 _a346.2 BOW
100 _aReynolds, FMB and Davenport, BJ
_lEnglish
245 _aBowstead on Agency /
_cFMB Reynolds and BJ Davenport
250 _aFourteenth Edition
260 _aLondon :
_bSweet and Maxwell Ltd,
_c1976
300 _bxcix, 461 pages ;
_c26 cm.
650 _aLegal practice
_bLaw
942 _cBK
_6ALISON_BN_VRIES
999 _c490
_d490